[Event "Stay Safe Play From Home 227"]
[Site "T#646802Emanuel Laske"]
[Date "2020.06.15"]
[Round "1"]
[White "Lamborghini"]
[Black "Golem974"]
[Result "1-0"]
[WhiteElo "2271"]
[BlackElo "1607"]
[Annotator "NA RC"]
[PlyCount "55"]
[EventDate "2020.06.15"]
[EventType "swiss (blitz)"]

1. e4 {[%emt 0:00:01]} d6 {[%emt 0:00:01]} 2. d4 {[%emt 0:00:02]} Nf6 {[%emt 0:00:00]} 3. Nc3 {[%emt 0:00:00]} g6 {[%emt 0:00:00]} 4. Be3 {[%emt 0:00:01]} c6 {[%emt 0:00:00]} 5. Qf3 {[%emt 0:00:01]} b5 {[%emt 0:00:00]} 6. e5 {[%emt 0:00:01]} dxe5 {[%emt 0:00:03]} 7. dxe5 {[%emt 0:00:01]} Nfd7 {[%emt 0:00:01]} 8. e6 {[%emt 0:00:03]} fxe6 {[%emt 0:00:01]} 9. O-O-O {[%emt 0:00:01]} Qa5 {[%emt 0:00:03]} 10. Kb1 {[%emt 0:00:01]} a6 {[%emt 0:00:05]} 11. Bd3 {[%emt 0:00:01]} Nf6 {[%emt 0:00:01]} 12. h4 {[%emt 0:00:04]} e5 {[%emt 0:00:05]} 13. Qg3 {[%emt 0:00:02]} Nbd7 {[%emt 0:00:04]} 14. Nf3 {[%emt 0:00:01]} Nh5 {[%emt 0:00:03]} 15. Qh2 {[%emt 0:00:01]} Bg7 {[%emt 0:00:01]} 16. Ne4 {[%emt 0:00:02]} Nf4 {[%emt 0:00:03]} 17. Bf1 {[%emt 0:00:03]} Nf6 {[%emt 0:00:07]} 18. Nc5 {[%emt 0:00:01]} N6d5 {[%emt 0:00:03]} 19. Bd2 {[%emt 0:00:03]} Qb6 {[%emt 0:00:02]} 20. Ne4 {[%emt 0:00:02]} a5 {[%emt 0:00:04]} 21. g3 {[%emt 0:00:01]} Ne6 {[%emt 0:00:02]} 22. h5 {[%emt 0:00:04]} g5 {[%emt 0:00:04]} 23. h6 {[%emt 0:00:02]} Bf6 {[%emt 0:00:02]} 24. Nxf6+ {[%emt 0:00:01]} exf6 {[%emt 0:00:01]} 25. Qh5+ {[%emt 0:00:01]} Ke7 {[%emt 0:00:01]} 26. Nxe5 {[%emt 0:00:02]} fxe5 {[%emt 0:00:01]} 27. Bxg5+ {[%emt 0:00:01]} Kd6 {[%emt 0:00:01]} 28. Qf7 {[%emt 0:00:03] Temps '} 1-0

[Event "Stay Safe Play From Home 227"]
[Site "T#646802Emanuel Laske"]
[Date "2020.06.15"]
[Round "1"]
[White "SoulofWolf"]
[Black "Bishop91"]
[Result "1-0"]
[WhiteElo "2190"]
[BlackElo "1654"]
[Annotator "NA RC"]
[PlyCount "69"]
[EventDate "2020.06.15"]
[EventType "swiss (blitz)"]

1. d4 {[%emt 0:00:01]} Nf6 {[%emt 0:00:02]} 2. Nf3 {[%emt 0:00:00]} e6 {[%emt 0:00:00]} 3. c4 {[%emt 0:00:00]} d5 {[%emt 0:00:00]} 4. Nc3 {[%emt 0:00:00]} dxc4 {[%emt 0:00:01]} 5. Bg5 {[%emt 0:00:00]} Be7 {[%emt 0:00:01]} 6. a4 {[%emt 0:00:01]} O-O {[%emt 0:00:01]} 7. e4 {[%emt 0:00:00]} h6 {[%emt 0:00:01]} 8. Bh4 {[%emt 0:00:01]} c5 {[%emt 0:00:02]} 9. Bxc4 {[%emt 0:00:04]} cxd4 {[%emt 0:00:02]} 10. Qxd4 {[%emt 0:00:01]} Qxd4 {[%emt 0:00:02]} 11. Nxd4 {[%emt 0:00:00]} Nc6 {[%emt 0:00:01]} 12. Nxc6 {[%emt 0:00:02]} bxc6 {[%emt 0:00:00]} 13. O-O {[%emt 0:00:01]} Rd8 {[%emt 0:00:03]} 14. b3 {[%emt 0:00:01]} Bb7 {[%emt 0:00:01]} 15. a5 {[%emt 0:00:01]} a6 {[%emt 0:00:03]} 16. Na4 {[%emt 0:00:01]} Bb4 {[%emt 0:00:01]} 17. Nb6 {[%emt 0:00:02]} Rab8 {[%emt 0:00:01]} 18. e5 {[%emt 0:00:01]} Nd5 {[%emt 0:00:02]} 19. Bxd8 {[%emt 0:00:01]} c5 {[%emt 0:00:00]} 20. Bxd5 {[%emt 0:00:06]} exd5 {[%emt 0:00:01]} 21. Bc7 {[%emt 0:00:02]} Re8 {[%emt 0:00:01]} 22. Rad1 {[%emt 0:00:04]} d4 {[%emt 0:00:01]} 23. Bd6 {[%emt 0:00:02]} Re6 {[%emt 0:00:02]} 24. Nd7 {[%emt 0:00:01]} Bc6 {[%emt 0:00:05]} 25. Nxc5 {[%emt 0:00:01]} Bxc5 {[%emt 0:00:02]} 26. Bxc5 {[%emt 0:00:00]} Bb5 {[%emt 0:00:00]} 27. Rfe1 {[%emt 0:00:01]} f6 {[%emt 0:00:01]} 28. f4 {[%emt 0:00:02]} f5 {[%emt 0:00:01]} 29. Rxd4 {[%emt 0:00:02]} g5 {[%emt 0:00:01]} 30. g3 {[%emt 0:00:01]} gxf4 {[%emt 0:00:01]} 31. gxf4 {[%emt 0:00:00]} Rf6 {[%emt 0:00:01]} 32. exf6 {[%emt 0:00:02]} Kf7 {[%emt 0:00:01]} 33. Rd6 {[%emt 0:00:02]} h5 {[%emt 0:00:03]} 34. Re7+ {[%emt 0:00:00]} Kf8 {[%emt 0:00:01]} 35. Rd8+ {[%emt 0:00:02] Bishop91 resigns (Lag: Av=0.29s, max=0.9s)} 1-0

[Event "Stay Safe Play From Home 227"]
[Site "T#646802Emanuel Laske"]
[Date "2020.06.15"]
[Round "1"]
[White "Lazieri3"]
[Black "Haxhi Baha"]
[Result "1/2-1/2"]
[WhiteElo "2120"]
[BlackElo "1931"]
[Annotator "TA"]
[PlyCount "52"]
[EventDate "2020.06.15"]
[EventType "swiss (blitz)"]

{[%evp 9,52,10,22,-19,7,8,11,-10,16,-40,-41,-47,-39,-43,-34,-46,-38,-38,7,7,2,0,55,0,40,24,32,11,11,15,87,4,1,-6,-16,0,0,0,0,0,0,0,0,0,0]} 1. e4 e6 2. Nc3 d5 3. exd5 exd5 4. d4 Nf6 5. Nf3 c6 6. Be3 {C01: French: Exchange Variation.} Be7 7. Bd3 O-O 8. O-O {[#]} h6 $146 ({Predecessor:} 8... Bg4 9. a3 h6 10. h3 Bxf3 11. Qxf3 Qc7 12. Bf4 Bd6 13. Bxd6 Qxd6 14. b4 a6 {½-½ (32) Luis,D-Santos,P (1524) Luso 2016}) 9. g3 (9. Qd2 $11) 9... Bg4 $15 10. Be2 Bh3 11. Re1 Nbd7 12. Ne5 Nxe5 13. dxe5 Ne4 14. Nxe4 dxe4 15. Qxd8 Raxd8 (15... Rfxd8 $11 16. Rad1 Bf5) 16. Rad1 ({White should try} 16. Bxa7 $14 Rd2 17. Rac1) 16... Rd5 17. Rxd5 cxd5 18. c4 dxc4 19. Bxc4 Rc8 {[#]} (19... b6 $11) 20. Bb3 (20. Bd5 $1 $16) 20... Bc5 $11 {The position is equal.} 21. Rc1 Bxe3 22. Rxc8+ Bxc8 23. fxe3 Kf8 24. Bd5 Be6 25. Bxb7 Bxa2 26. Bxe4 Ke7 {Accuracy: White = 66%, Black = 68%.} 1/2-1/2

[Event "Stay Safe Play From Home 227"]
[Site "T#646802Emanuel Laske"]
[Date "2020.06.15"]
[Round "1"]
[White "Physikus"]
[Black "Justwatch"]
[Result "0-1"]
[WhiteElo "2111"]
[BlackElo "1819"]
[Annotator "TA"]
[PlyCount "60"]
[EventDate "2020.06.15"]
[EventType "swiss (blitz)"]

{[%evp 9,60,-70,-69,-67,-55,-64,-56,-91,-79,-103,-101,-96,-65,-88,-37,-147,-97,-175,-57,-179,-183,-175,-97,-90,-73,-101,-100,-104,-77,-129,-27,-211,-204,-211,-223,-206,-134,-135,383,-104,425,440,429,439,415,411,29985,29986,29994,935,29991,29992,29992]} 1. e4 Nf6 2. Nf3 Nxe4 3. Nc3 Nf6 4. d4 g6 {[#]} 5. Be3 $146 ({Predecessor:} 5. Bc4 d5 6. Bd3 Bg4 7. h3 Bxf3 8. Qxf3 Bg7 9. Bg5 c6 10. g4 Nbd7 11. Bf4 {0-1 (43) Engelbrecht,I (1674)-Mendege,A (1795) Budapest 2009}) 5... Bg7 6. Qd2 {B04: Alekhine's Defence: 4 Nf3.} O-O 7. O-O-O d6 8. Bc4 {Black is slightly better.} Bg4 9. h3 Bxf3 10. gxf3 Nc6 11. h4 e5 (11... d5 $17 12. Bf1 e6) 12. Bh6 ({White should play} 12. dxe5 $15 Nxe5 13. Be2) 12... exd4 13. Nb5 (13. Nd5 $17 Nh5 14. Bxg7 Kxg7 15. a3) 13... a6 (13... Ne5 $19 14. Bxg7 Kxg7 15. Qxd4 a6) 14. Nxd4 ({White must play} 14. h5 $1 $15 Ne5 15. hxg6 Nxc4 16. gxh7+ Nxh7 17. Qf4 Bxh6 18. Qxh6 Qg5+ 19. Qxg5+ Nxg5 20. Nxc7) 14... Nxd4 $19 15. Bxg7 Kxg7 (15... Nxf3 $19 16. Bxf6 Qxf6) 16. Qxd4 $17 h5 17. Rhg1 Qe7 18. Rde1 Qd7 $1 19. Bd3 (19. Rg5 $142) 19... c6 (19... Rae8 $17 20. Rd1 d5) 20. Qe3 $2 (20. Rg3 $11 {and White stays safe.}) 20... Rae8 $19 21. Qg5 Rxe1+ 22. Rxe1 Rg8 23. Rg1 {[%cal Rd3g6]} Kf8 $2 {[%mdl 8192]} (23... Qe6 $17 {and life is bright.} 24. a3 Qd5) 24. Qh6+ $2 ({Only move:} 24. Qxf6 $18 Qe7 25. Qf4) 24... Ke7 $2 {[%mdl 8192] [#]} (24... Rg7 $1 $17 {keeps the pressure on.}) 25. Re1+ $1 $18 Kd8 26. Qg5 Kc7 27. Qxf6 {Re7 is the strong threat.} Qh3 (27... Re8 $18) 28. Re7+ Kb6 29. Qxf7 (29. Qd4+ $142 c5 30. Qxd6+ Ka5 31. Qxc5+ b5 {[#]} 32. Bxb5 $1 {[%mdl 512]} Qh1+ 33. Bf1+ Ka4 34. Re4#) 29... Rb8 30. Qb3+ Ka7 {[%mdl 32768] Accuracy: White = 45%, Black = 40%. . Sensor Board Error (Ke4/e5)?} 0-1

[Event "Stay Safe Play From Home 227"]
[Site "T#646802Emanuel Laske"]
[Date "2020.06.15"]
[Round "1"]
[White "SecantFX"]
[Black "Mepe_Nika"]
[Result "0-1"]
[WhiteElo "1869"]
[BlackElo "2313"]
[Annotator "TA"]
[PlyCount "62"]
[EventDate "2020.06.15"]
[EventType "swiss (blitz)"]

{[%evp 9,61,-12,-12,-13,-9,-14,-4,-22,-28,-60,-59,-115,-32,-93,-91,-93,-83,-94,-85,-121,-66,-71,-65,-118,-47,-77,-13,-131,-45,-91,-54,-114,-45,-53,-40,-237,0,-94,-15,-125,-121,-895,-859,-29982,-29983,-29994,-29995,-29996,-29993,-29995,-29993,-29998,-29999,-29999]} 1. g3 g6 2. Bg2 Bg7 3. f4 d5 4. c3 Nd7 5. d4 Ngf6 6. Nf3 {A03: Bird's Opening with 1...d5.} O-O 7. O-O {[#]} c5 $146 ({Predecessor:} 7... c6 8. Nbd2 Ne4 9. Nxe4 dxe4 10. Ng5 Nf6 11. Nxe4 h5 12. Nxf6+ Bxf6 13. e4 Bg4 {1-0 (55) Dietrich,W (1596)-Muthig,H (1503) Moembris 2003}) 8. Re1 {The position is equal.} cxd4 9. Nxd4 e6 10. e3 (10. a4 $15) 10... b6 (10... e5 $17 11. Nb3 Re8) 11. Nf3 (11. c4 $15) 11... Bb7 12. Nbd2 Ne4 13. Nd4 Ndc5 14. Nxe4 Nxe4 (14... dxe4 $17 15. Rf1 e5 16. fxe5 Bxe5) 15. Bxe4 dxe4 16. Qb3 (16. b3 $15) 16... e5 (16... h5 $17 17. Rd1 Qe7) 17. fxe5 $15 Bxe5 {[#]} (17... Ba6 $17) 18. Qc2 (18. Ne6 $1 $11 {[%mdl 512]} fxe6 19. Qxe6+ {[%mdl 64] Double Attack} Rf7 20. Qxe5) 18... Bg7 (18... Qg5 $17 19. b3 h5) 19. Qg2 Re8 20. Rf1 (20. b3 $15) 20... h6 ({Black should play} 20... Rc8 $17 21. Qe2 Qd5) 21. Qf2 f5 $36 {[%mdl 2048] Black is pushing.} 22. g4 $2 {[#]} (22. b3 $15) 22... Rf8 $2 (22... Ba6 $1 $19 23. Re1 Qg5) 23. gxf5 {[#]} (23. Ne6 $11 Qd3 24. Nxf8 Rxf8 25. Qd2) 23... Bxd4 (23... Ba6 $1 $17 {...Bxd4 is the strong threat.} 24. Re1 (24. Ne6 $2 Qe7 $19) 24... Bc8) 24. cxd4 (24. exd4 $11 Rxf5 25. Qg3 Rxf1+ 26. Kxf1) 24... Rxf5 $17 25. Qg3 $2 {[%mdl 8192]} (25. Qe2 $17) 25... Rg5 $19 26. Qxg5 Qxg5+ {Black mates.} 27. Kf2 Rc8 28. Bd2 Rc2 29. Rfd1 Qf5+ 30. Ke2 Ba6+ 31. Ke1 Qf1# {Accuracy: White = 25%, Black = 40%.} 0-1

[Event "Stay Safe Play From Home 227"]
[Site "T#646802Emanuel Laske"]
[Date "2020.06.15"]
[Round "1"]
[White "Masler"]
[Black "Broken sword"]
[Result "0-1"]
[WhiteElo "1826"]
[BlackElo "2464"]
[Annotator "TA"]
[PlyCount "90"]
[EventDate "2020.06.15"]
[EventType "swiss (blitz)"]

{[%evp 9,90,-60,-47,-101,-80,-125,-141,-154,-146,-152,-134,-162,-178,-164,-158,-204,-195,-206,-164,-178,-174,-176,-60,-431,-295,-346,-362,-354,-338,-349,-325,-437,-474,-614,-374,-453,-347,-331,-327,-310,-281,-326,-296,-353,-345,-345,-291,-337,-336,-366,-295,-572,-370,-380,-299,-260,-262,-298,-251,-373,-368,-465,-458,-497,-491,-478,-452,-512,-438,-558,-541,-525,-511,-702,-710,-704,-702,-784,-665,-841,-841,-2687,-2599]} 1. d4 d5 2. Bf4 c5 3. e3 Nc6 4. dxc5 e5 5. Bg3 Bxc5 6. Bb5 {[#] D00: 1 d4 d5: Unusual lines.} (6. Nf3 $15) 6... f6 $146 ({Predecessor:} 6... f5 7. Bxe5 Nf6 8. Bc3 O-O 9. Qf3 a6 10. Bd3 d4 11. exd4 Bxd4 12. Bxf5 Bxc3+ 13. bxc3 Bxf5 14. Qxf5 Re8+ 15. Ne2 Qe7 16. Qf3 Rad8 {0-1 (16) Jokipii,G (1315)-Acosta,E (1646) ICCF email 2013}) 7. Bxc6+ bxc6 8. c3 {Black is clearly better.} Ne7 9. Nf3 O-O 10. Qc2 Bf5 11. Qd2 Rb8 12. Nh4 Be6 13. Nf3 Qb6 14. b3 Nf5 15. O-O Nxe3 (15... a5 $19 16. Qe2 Qb5) 16. Qe2 $2 {[%mdl 8192] [#] White does not recover from this.} ({White must play} 16. fxe3 $15 Bxe3+ {[%mdl 64] Double Attack} 17. Bf2 Bxd2 18. Bxb6 Bxc3 19. Nxc3 axb6 20. Nd2) 16... Nf5 17. Kh1 Nxg3+ 18. hxg3 Rbe8 19. b4 Bd6 20. Nh4 Qd8 21. Qc2 Qc8 22. Nd2 Qd7 23. Nhf3 Bf5 24. Qb3 Kh8 25. c4 d4 26. c5 Bc7 27. Nc4 Rb8 28. Rac1 Be6 29. Qa4 Bd5 30. Na5 $2 {[#]} (30. Kg1) 30... Bxa5 31. Qxa5 Qb7 32. Rb1 a6 {[%cal Ba7a6,Ba6b5][%mdl 32]} 33. a3 Qb5 34. Qxb5 (34. a4 $142 Qxa5 35. bxa5) 34... axb5 $19 ({Much less strong is} 34... Rxb5 35. Nh4 $19) 35. Nh4 g6 {Black is clearly winning.} 36. Nf3 Ra8 37. Ra1 Kg7 38. Rfd1 Rfd8 39. Rdc1 Rd7 40. Nd2 Rda7 41. Nf3 Rxa3 42. Rxa3 Rxa3 43. Kh2 Ra4 44. Ne1 Rxb4 45. Nc2 Rc4 {Accuracy: White = 32%, Black = 58%.} 0-1

[Event "Stay Safe Play From Home 227"]
[Site "T#646802Emanuel Laske"]
[Date "2020.06.15"]
[Round "1"]
[White "Edmatuag"]
[Black "little champs"]
[Result "0-1"]
[WhiteElo "1677"]
[BlackElo "2261"]
[Annotator "TA"]
[PlyCount "80"]
[EventDate "2020.06.15"]
[EventType "swiss (blitz)"]

{[%evp 9,80,-19,-7,-66,-70,-87,-80,-89,-81,-117,-74,-62,-36,-52,159,12,72,68,72,-8,-4,-16,119,12,73,-8,39,51,44,23,30,0,2,0,3,8,36,27,45,20,16,16,17,25,86,0,33,-60,-39,-511,-501,-485,-374,-1673,-1733,-2022,-2022,-5081,-2033,-29980,-29981,-29988,-29989,-29989,-29990,-29992,-29993,-29993,-29994,-29995,-29996,-29996,-29997]} 1. e4 c6 2. d3 d5 3. Nc3 dxe4 4. Nxe4 Nf6 5. Ng3 g6 {[#]} 6. f3 $146 {B11: Caro-Kann: Two Knights Variation.} (6. Be2 $11) ({Predecessor:} 6. Nf3 Bg7 7. h4 Bg4 8. Be2 O-O 9. Ne5 Qa5+ 10. Kf1 Qxe5 11. Bxg4 Nxg4 12. Qxg4 {½-½ (23) Samblic,S (1944)-Cvitan,E (1652) Malinska 2014}) 6... Bg7 $15 7. N1e2 O-O 8. Nc3 {Black is better.} Nbd7 9. Bg5 Qa5 10. Qd2 Ne5 11. Bf4 Nfd7 $2 {[#]} (11... Nd5 $1 $15 {stays ahead.} 12. Nxd5 Qxd2+ 13. Bxd2 cxd5) 12. Bh6 (12. d4 $16) 12... b5 (12... Bxh6 $11 13. Qxh6 Nb6) 13. Bxg7 $16 Kxg7 14. Nce4 ({White should try} 14. d4 $16) 14... Qxd2+ $11 15. Nxd2 a5 (15... c5 $11) 16. O-O-O (16. d4 $16) 16... Ba6 (16... f6 $11) 17. Kb1 (17. d4 $16 Nc4 18. Bxc4 bxc4 19. Rhe1) 17... Rad8 18. d4 Nc4 19. Nxc4 bxc4 20. c3 (20. Ne4 {with more complications.} Nb6 21. Kc1 Bc8 22. c3 Rfe8 23. Be2) 20... Nf6 21. Ne4 Nxe4 22. fxe4 e5 (22... c5 $5) 23. Be2 Rfe8 {With the idea ...exd4.} 24. dxe5 Rxd1+ 25. Rxd1 Rxe5 $14 {[%mdl 4096] Endgame KRB-KRB} 26. Bf3 c5 {[#]} (26... Bc8 $11) 27. Rd5 (27. Rd7 $1 $16) 27... Kf6 28. Rxe5 (28. Rd7 $14) 28... Kxe5 {KB-KB} 29. Kc2 $2 {[%mdl 8192] This move loses the game for White.} ({Better is} 29. Kc1 $1 $15) 29... Bb7 $19 30. Kd2 Bxe4 31. Bxe4 $2 (31. Be2 Bxg2 32. Bxc4) 31... Kxe4 {KP-KP} 32. Ke2 f5 33. g3 f4 (33... a4 $142 34. h4 h6) 34. g4 f3+ {Black mates.} 35. Kf2 g5 36. h3 a4 37. b3 cxb3 38. axb3 axb3 39. Kg3 b2 40. h4 b1=Q {Accuracy: White = 34%, Black = 47%.} 0-1

[Event "Stay Safe Play From Home 227"]
[Site "T#646802Emanuel Laske"]
[Date "2020.06.15"]
[Round "1"]
[White "Trotsky"]
[Black "Toosieslide"]
[Result "0-1"]
[WhiteElo "1525"]
[BlackElo "2302"]
[Annotator "TA"]
[PlyCount "70"]
[EventDate "2020.06.15"]
[EventType "swiss (blitz)"]

{[%evp 10,70,-2,-10,18,26,10,8,9,6,2,-30,-35,-34,-14,-64,-47,-119,-110,-127,-123,-187,-181,-291,-108,-172,-180,-377,-387,-354,243,245,1440,1420,1358,-490,-481,-575,-567,-543,-540,-528,-523,-552,-370,-436,-346,-485,-463,-623,-466,-629,-607,-5393,-323,-1580,-1500,-1290,-1343,-29968,-29968,-5929,-5704]} 1. d4 d5 2. e3 c5 3. c4 cxd4 4. exd4 Nf6 5. Be3 Nc6 6. Nc3 dxc4 {B13: Caro-Kann: Exchange Variation and Panov-Botvinnik Attack.} 7. Bxc4 e6 8. a3 Bd6 {The position is equal.} 9. Nf3 O-O 10. Qc2 b6 11. Bd3 Bb7 {[#]} 12. Ng5 $146 {[%cal Rd3h7]} ({Predecessor:} 12. O-O Ne7 13. Ne5 h6 14. Rac1 Rc8 15. Qe2 Bb8 16. Rfd1 Nfd5 17. Qg4 Nxe3 18. fxe3 {0-1 (45) Thew,B (2180)-Moser,R (2318) ICCF email 2014}) 12... h6 13. h4 (13. Nf3 $15) 13... Rc8 $17 14. Bh7+ Kh8 15. Qd3 (15. Be4 $17 {keeps fighting.}) 15... e5 16. Nce4 (16. d5 {was necessary.} Nd4 17. Be4) 16... g6 $2 (16... Nxd4 17. Bxd4 exd4 18. Nxf6 $19) (16... exd4 $19 17. Bf5 {[#]} Bb4+ $1 {[%mdl 512]} 18. Bd2 Bxd2+ 19. Qxd2 Rc7 20. Nxf6 Qxf6 {[%mdl 64] Double Attack}) 17. Bxg6 (17. h5 $17 Bb4+ 18. Kf1 exd4 19. hxg6 dxe3 20. Qxe3) 17... fxg6 $19 18. h5 $2 (18. Nxd6 {was the only defense.} Qxd6 19. Qxg6) 18... Nxe4 ({Inferior is} 18... hxg5 19. hxg6+ Kg7 20. Nxf6 $11) 19. Qxe4 Qf6 $4 {[%mdl 8192]} (19... exd4 20. hxg6 Qxg5 21. Bxg5 $17) ({Not} 19... Be7 20. Nf7+ (20. Ne6 $2 Nxd4 21. Qxb7 Nxe6 $17) 20... Rxf7 21. hxg6 $17) (19... Nxd4 $19 {avoids the disaster.} 20. Qxb7 Nc2+ 21. Ke2 Rc7) 20. hxg6 $18 Qg7 $2 {[#]} (20... Nb4 21. Qxb7 (21. Rxh6+ Kg8 $16) 21... Nc2+ 22. Ke2 Qxg6) 21. Ne6 $1 {[%mdl 512]} Nxd4 22. Rxh6+ $4 {[%mdl 8192] [#]} (22. Bxh6 $18 {is the narrow road to win.} Nxe6 23. Bxg7+ Kxg7 24. Qxb7+ Rc7 25. Qd5 {[%mdl 64] Double Attack}) 22... Qxh6 $1 $19 {[%mdl 576] Promotion} 23. Bxh6 {Threatening mate with g7+.} Bxe4 24. g7+ Kg8 25. gxf8=Q+ Bxf8 26. Bxf8 {intending Nxd4.} Nxe6 27. Bb4 Nf4 28. Rd1 (28. f3 $142 Bg6 29. Bc3) 28... Nxg2+ 29. Kf1 Nf4 {Hoping for ...Bf3.} 30. f3 Bxf3 31. Kf2 Bg2 $2 (31... Bxd1 32. Ke1 Bb3) 32. Rg1 $2 (32. Bc3) 32... Rc2+ 33. Kg3 Ne2+ 34. Kh2 Nxg1 35. Kxg1 Rxb2 {Accuracy: White = 19%, Black = 50%.} 0-1

[Event "Stay Safe Play From Home 227"]
[Site "T#646802Emanuel Laske"]
[Date "2020.06.15"]
[Round "2"]
[White "Mepe_Nika"]
[Black "SoulofWolf"]
[Result "0-1"]
[WhiteElo "2315"]
[BlackElo "2191"]
[Annotator "TA"]
[PlyCount "86"]
[EventDate "2020.06.15"]
[EventType "swiss (blitz)"]

{[%evp 9,86,3,33,35,12,19,19,24,18,-3,10,0,4,0,47,-23,-4,-5,0,0,0,0,1,-12,2,-71,-67,-72,-60,-171,-96,-141,-141,-152,-129,-147,-102,-108,-33,-25,-37,-29,-25,-54,-33,-62,9,11,34,0,0,-14,47,0,0,-889,-847,-2280,-1631,-2856,-2454,-29991,-29985,-29985,-29986,-29995,-29993,-29998,-29988,-29987,572,-29987,620,531,2109,1730,1619,-1220,-1037]} 1. d4 e6 2. Bf4 c5 3. c3 d5 4. e3 Nc6 5. Nd2 Nge7 6. Ngf3 {A40: Unusual replies to 1 d4.} Ng6 7. Bg3 Bd6 8. Bd3 {The position is equal.} O-O {[#]} 9. Qe2 $146 ({Predecessor:} 9. O-O b6 10. e4 Bxg3 11. hxg3 Bb7 12. e5 a5 13. a3 Qc8 14. Rc1 Ba6 15. Qe2 Bxd3 16. Qxd3 {½-½ (70) Smusz,K (1862)-Musial,I (1577) Krakow 2019}) 9... Re8 10. Bxg6 hxg6 11. Ne5 Qc7 {[%cal Rc6e5]} 12. f4 (12. Nxc6 $14 Qxc6 13. Bxd6 Qxd6 14. Qb5) 12... Ne7 13. O-O Nf5 14. Qf3 b6 15. Bf2 Bb7 16. g4 Nh6 17. g5 (17. Rad1 $11 {remains equal.}) 17... Nf5 $17 18. h4 a5 19. h5 (19. Kg2 $15) 19... Ba6 (19... gxh5 $19 20. Qxh5 g6) 20. Rfe1 Bxe5 21. fxe5 cxd4 22. exd4 Rf8 23. Nf1 b5 ({Black should try} 23... Qe7 $17 24. hxg6 Qxg5+ 25. Qg2 Qxg6 26. Qxg6 fxg6) 24. Ne3 $15 b4 25. Nxf5 gxf5 26. g6 Qe7 27. Qf4 Bd3 (27... Qe8 $15 28. h6 fxg6) 28. Re3 $11 {[#] And now Bh4 would win.} Be4 29. Rh3 bxc3 30. bxc3 Rac8 ({Black should play} 30... Rfb8 $11) 31. Bh4 Qb7 {Threatens to win with ...Qb2!} 32. Bf6 $2 {[%mdl 8192] [#]} (32. Rf1 $11) 32... Qb2 $1 $19 {[%csl Ge4][%cal Rb2g2][%mdl 576] Double Attack} 33. gxf7+ Rxf7 {[%csl Ge4][%cal Rb2g2]} 34. Rg3 Qxa1+ 35. Kf2 Rxc3 36. Rxc3 Qxc3 37. Qg5 Qc2+ 38. Kg3 Qd3+ 39. Kh4 Qd2 $4 {[%mdl 8192]} (39... Qf1 40. Qe3 f4 41. Qc3 gxf6 42. exf6 Qf2+ 43. Kg4 Bf5+ 44. Kg5 Qg3+ 45. Qxg3 fxg3 46. Kh4 g2 47. Kg3 g1=Q+ {[%mdl 64] Double Attack} 48. Kf3 Rxf6 49. Ke2 Qg2+ 50. Ke1 Bg4 51. a4 Qf2#) 40. Qg3 $4 {[%mdl 8192]} (40. Qxd2 $18 gxf6 41. exf6 Rxf6 42. Qg5+ (42. Qxa5 f4 $18) 42... Kf7 43. h6) 40... Qh2+ $4 {[%mdl 8192]} (40... f4 {and all is fine.} 41. Bg5 Qc1 42. Qf2 Qh1+ 43. Kg4 Rf5 44. h6 Bg2 45. h7+ Kh8 46. Qxg2 Qxg2+ 47. Kh4 Qxg5+ 48. Kh3 Qg3#) 41. Qxh2 $18 Bf3 42. Qg3 Bg4 43. Qxg4 $4 {[%mdl 8192]} (43. Qc3 $18 Kh7 44. Qc8 gxf6 45. Qxe6 Bxh5 46. Kxh5) 43... fxg4 {A wild game. Accuracy: White = 56%, Black = 65%.} 0-1